000 00279nam a2200121 a 4500
008 100917s1977|||| d
100 1 _aDobiáš, Rudolf
245 1 0 _aHrdličky
260 _bMladé letá
_aBratislava
_c1977
020 _c14,50
044 _axo
_cSK
041 _aslo
999 _c10459
_d10459